An enduring legacy : (Record no. 10859)
[ view plain ]
| 000 -CABECERA | |
|---|---|
| campo de control de longitud fija | 01456nam a22003137a 4500 |
| 001 - NÚMERO DE CONTROL | |
| campo de control | BRCA_9240 |
| 003 - IDENTIFICADOR DEL NÚMERO DE CONTROL | |
| campo de control | FranzMayer |
| 005 - FECHA Y HORA DE LA ÚLTIMA TRANSACCIÓN | |
| campo de control | 20221004172419.0 |
| 008 - DATOS DE LONGITUD FIJA--INFORMACIÓN GENERAL | |
| campo de control de longitud fija | 221004b |||||||| |||| 00| 0 eng d |
| 020 ## - NÚMERO INTERNACIONAL ESTÁNDAR DEL LIBRO | |
| Número Internacional Estándar del Libro | 9780936227320 |
| 040 ## - FUENTE DE LA CATALOGACIÓN | |
| Lengua de catalogación | spa |
| Centro/agencia transcriptor | MFM |
| 041 ## - CÓDIGO DE LENGUA | |
| Código de lengua del texto/banda sonora o título independiente | eng |
| 050 00 - SIGNATURA TOPOGRÁFICA DE LA BIBLIOTECA DEL CONGRESO | |
| Número de clasificación | N4543.A5 |
| Número de documento/Ítem | D35 2018 |
| 110 2# - ENTRADA PRINCIPAL--NOMBRE DE ENTIDAD CORPORATIVA | |
| Nombre de entidad corporativa o nombre de jurisdicción como elemento de entrada | Dallas Museum of Art, |
| Término indicativo de función/relación | autor. |
| 9 (RLIN) | 2769 |
| 245 13 - MENCIÓN DE TÍTULO | |
| Título | An enduring legacy : |
| Resto del título | the McDermott collection of impressionist and modern art / |
| 260 ## - PUBLICACIÓN, DISTRIBUCIÓN, ETC. | |
| Lugar de publicación, distribución, etc. | Dallas : |
| Nombre del editor, distribuidor, etc. | Dallas Museum of Art, |
| Fecha de publicación, distribución, etc. | 2018 |
| 300 ## - DESCRIPCIÓN FÍSICA | |
| Extensión | 135 pp : |
| Otras características físicas | il. fot. ; |
| Dimensiones | 27.5 x 30 cm. |
| 504 ## - NOTA DE BIBLIOGRAFÍA, ETC. | |
| Nota de bibliografía, etc. | Incluye referencias bibliográficas |
| 505 2# - NOTA DE CONTENIDO CON FORMATO | |
| Título | A legacy for the ages : Margarete and Eugene McDermott and the Shaping of the Dallas Museum of Art / |
| Mención de responsabilidad | Natalie H. Lee. |
| 520 ## - SUMARIO, ETC. | |
| Sumario, etc. | Catálogo de la exposición "An Enduring Legacy: The Eugene and Margaret McDermott Collection of Impressionist and Modern Art" realizada en Dallas, Texas (14 de junio 2018 - 10 de febrero 2019) |
| 600 10 - PUNTO DE ACCESO ADICIONAL DE MATERIA--NOMBRE DE PERSONA | |
| Nombre de persona | McDermott, Eugene, |
| Fechas asociadas al nombre | 1899-1973 |
| Subdivisión general | Colecciones de arte |
| Subdivisión de forma | Exposiciones |
| 9 (RLIN) | 28586 |
| 600 10 - PUNTO DE ACCESO ADICIONAL DE MATERIA--NOMBRE DE PERSONA | |
| Nombre de persona | McDermott, Margaret Milam, |
| Fechas asociadas al nombre | 1912- |
| Subdivisión general | Colecciones de arte |
| Subdivisión de forma | Exposiciones |
| 9 (RLIN) | 28587 |
| 610 20 - PUNTO DE ACCESO ADICIONAL DE MATERIA--NOMBRE DE ENTIDAD CORPORATIVA | |
| Nombre de entidad corporativa o nombre de jurisdicción como elemento de entrada | Dallas Museum of Art |
| Subdivisión de forma | Exposiciones |
| 9 (RLIN) | 28588 |
| 650 #0 - PUNTO DE ACCESO ADICIONAL DE MATERIA--TÉRMINO DE MATERIA | |
| Término de materia o nombre geográfico como elemento de entrada | Arte moderno |
| Subdivisión cronológica | Siglo XIX |
| Subdivisión de forma | Exposiciones |
| 9 (RLIN) | 28589 |
| 650 #0 - PUNTO DE ACCESO ADICIONAL DE MATERIA--TÉRMINO DE MATERIA | |
| Término de materia o nombre geográfico como elemento de entrada | Arte moderno |
| Subdivisión cronológica | Siglo XX |
| Subdivisión de forma | Exposiciones |
| 9 (RLIN) | 28590 |
| 650 #0 - PUNTO DE ACCESO ADICIONAL DE MATERIA--TÉRMINO DE MATERIA | |
| Término de materia o nombre geográfico como elemento de entrada | Arte |
| Subdivisión general | Colecciones particulares |
| Subdivisión geográfica | Texas |
| -- | Dallas |
| Subdivisión de forma | Exposiciones |
| 9 (RLIN) | 28591 |
| 700 1# - PUNTO DE ACCESO ADICIONAL--NOMBRE DE PERSONA | |
| Nombre de persona | Myers, Nicole R., |
| Término indicativo de función/relación | ed. |
| 9 (RLIN) | 28592 |
| 942 ## - ELEMENTOS DE PUNTO DE ACCESO ADICIONAL (KOHA) | |
| Fuente del sistema de clasificación o colocación | Library of Congress Classification |
| Tipo de ítem Koha | Libros |
| Estado de retiro | Estado de pérdida | Fuente del sistema de clasificación o colocación | Estado dañado | No para préstamo | Localización permanente | Ubicación/localización actual | Fecha de adquisición | Signatura topográfica completa | Código de barras | Fecha visto por última vez | Precio válido a partir de | Tipo de ítem Koha |
|---|---|---|---|---|---|---|---|---|---|---|---|---|
| El ejemplar forma parte de la colección y puede ser consultado según las políticas vigentes. | Library of Congress Classification | Biblioteca del Museo Franz Mayer (Rogerio Casas-Alatriste) | Biblioteca del Museo Franz Mayer (Rogerio Casas-Alatriste) | 04/10/2022 | N4543.A5 D35 2018 | CONT10033 | 04/10/2022 | 04/10/2022 | Libros |